LDR 00705naa#a2200169#i#450# 001 EN\\bibl\19464 005 20260516041933.6 100 ## _a20260515b2026####ek#y0engy0150####ca 102 ## _aRU 200 1# _aGROWTH CHARACTERISTICS AND STATE OF RUSSIAN OAK IN RAILWAY PLANTS OF THE CENTRAL FOREST-STEPPE _eConference article/thesis 210 1# _aVoronezh _cFSBE Institution of Higher Education Voronezh State University of Forestry and Technologies named after G.F. Morozov _d2026 215 ## _a5 с. 608 ## _aConference article/thesis _2local 675 ## _aЛесное хозяйство. Лесоводство. 630 _z 700 #1 _aTurkin _gArtem Fedorovich 700 #1 _aMikhin _gVyacheslav Ivanovich 856 4# _abibl.vgltu.ru _u